Twelve Letter Geography - Statistics

General Stats
  • This quiz has been taken 2,367 times
  • The average score is 9 of 19
Answer Stats
Description Answer % Correct
Island of Scotland, Wales, England Great Britain
79%
Capital city of Haiti Port-au-Prince
78%
Christ the Redeemer Statue city Rio de Janeiro
77%
Most populous city in Utah Salt Lake City
75%
Famous waterfall on Canadian-American border Niagara Falls
74%
Biggest city in Pennsylvania Philadelphia
71%
Someone who makes or draws maps Cartographer
67%
Capital is Ashgabat Turkmenistan
64%
Capital of other half of Hispaniola Santo Domingo
57%
Capital of biggest African island Antananarivo
53%
Canadian province that borders Montana and North Dakota Saskatchewan
53%
South American French colony French Guiana
44%
Well-known Californian celebrity town near Hollywood and Los Angeles Beverly Hills
39%
"The Granite State" New Hampshire
34%
Such as the one under Yellowstone Supervolcano
23%
Formed by confluence of Parana and Uruguay Rivers Rio de la Plata
18%
Old name of Botswana Bechuanaland
13%
Chinese city above 15,000 feet Tanggulashan
2%
4th-biggest Swedish east coast archipelago, one of biggest in world Ostergotland
1%
No matching quizzes found
Score Distribution
Percent of People with Each Score
Percentile by Number Answered
Your Score History
You have not taken this quiz